| 000 | 00486 a2200169 4500 | ||
|---|---|---|---|
| 003 | OSt | ||
| 005 | 20231222161825.0 | ||
| 008 | 231222b |||||||| |||| 00| 0 eng d | ||
| 020 | _a9789350720394 | ||
| 040 | _coclc | ||
| 082 |
_a891.43 _bNAV/K |
||
| 100 |
_aNaval, Nand Kishor _910198 |
||
| 245 |
_aKAVITA KI MUKTI / _cDr. Nand Kishor Naval |
||
| 260 |
_aNew Delhi: _bVani Prakashan, _c1996. |
||
| 300 | _a151p | ||
| 942 |
_2ddc _cBK _h891.43 _iNAV/K _k891.43 _mNAV/K |
||
| 999 |
_c43536 _d43536 |
||